[Event "ROM-ch U18"]
[Site "Calimanesti Caciulata"]
[Date "2016.04.21"]
[Round "4"]
[White "Oprea, Stefan Teodor"]
[Black "Prajovschi, Liviu"]
[Result "0-1"]
[WhiteElo "1658"]
[BlackElo "1890"]
[PlyCount "102"]
[EventDate "2016.04.18"]
[EventType "swiss"]
[EventRounds "9"]
[EventCountry "ROU"]
[SourceTitle "CBM 172 Extra"]
[Source "ChessBase"]
[SourceDate "2016.06.21"]
[SourceVersion "1"]
[SourceVersionDate "2016.06.21"]
[SourceQuality "1"]

1. d4 Nf6 2. c4 g6 3. Nc3 d5 4. Qb3 dxc4 5. Qxc4 c6 6. e4 Bg7 7. Nf3 0-0 8. Be2 Nbd7 9. 0-0 Re8 10. Bf4 Nb6 11. Qb3 Be6 12. Qc2 Nh5 13. Be3 Bc4 14. Rfd1 Qc7 15. Rac1 Bxe2 16. Nxe2 e6 17. b4 Qe7 18. Qc5 Nf6 19. Ng3 Rac8 20. Ne5 Nfd7 21. Nxd7 Qxd7 22. a3 Ra8 23. f3 Bf8 24. Qc2 Nc8 25. Qd2 f6 26. h4 Qf7 27. Kf2 Bd6 28. Bf4 Be7 29. Ne2 a5 30. g4 axb4 31. axb4 Rd8 32. Qb2 Nd6 33. Nc3 e5 34. Be3 Nc4 35. Qe2 Bxb4 36. d5 Nxe3 37. Qxe3 Bxc3 38. Qxc3 cxd5 39. exd5 Rxd5 40. Rxd5 Qxd5 41. Qc7 Rd8 42. Rc4 f5 43. gxf5 gxf5 44. Qe7 Qd2+ 45. Kg3 Qe1+ 46. Kh3 Qh1+ 47. Kg3 f4+ 48. Kg4 Qg2+ 49. Kf5 Qg6+ 50. Kxe5 Re8 51. Qxe8+ Qxe8+ 0-1

[Event "ROM-ch U18"]
[Site "Calimanesti Caciulata"]
[Date "2016.04.21"]
[Round "5"]
[White "Prajovschi, Liviu"]
[Black "Voicu, Gabriel"]
[Result "0-1"]
[WhiteElo "1890"]
[BlackElo "1962"]
[PlyCount "100"]
[EventDate "2016.04.18"]
[EventType "swiss"]
[EventRounds "9"]
[EventCountry "ROU"]
[SourceTitle "CBM 172 Extra"]
[Source "ChessBase"]
[SourceDate "2016.06.21"]
[SourceVersion "1"]
[SourceVersionDate "2016.06.21"]
[SourceQuality "1"]

1. e4 c5 2. Nf3 Nc6 3. c3 d5 4. exd5 Qxd5 5. d4 Bg4 6. Be2 e6 7. 0-0 Nf6 8. Be3 cxd4 9. cxd4 Be7 10. Nc3 Qd6 11. a3 0-0 12. h3 Bh5 13. Qd2 Rfd8 14. Rfd1 a6 15. Rac1 b5 16. Bf4 Qd7 17. Be5 Rac8 18. Qf4 Qa7 19. g4 Bg6 20. h4 h5 21. g5 Ng4 22. Ne4 Ncxe5 23. Nxe5 Rxc1 24. Rxc1 Nxe5 25. dxe5 Qd4 26. Rc7 Bf8 27. Rc8 Rd5 28. Bf3 Qxe5 29. Qe3 Qd4 30. Qxd4 Rxd4 31. Nc5 Bf5 32. Bc6 e5 33. Re8 f6 34. gxf6 gxf6 35. Nxa6 Bd3 36. Nc5 Rg4+ 37. Bg2 Bg6 38. Rb8 Kf7 39. Nd7 Bd6 40. f3 Bxb8 41. fxg4 Ba7+ 42. Kh2 hxg4 43. Bc6 Bd3 44. Kg3 Ke7 45. Kxg4 f5+ 46. Kg5 Be3+ 47. Kh5 Kd6 48. Kg6 f4+ 49. Kf6 e4 50. Ne5 Bd4 0-1

[Event "ROM-ch U14"]
[Site "Calimanesti"]
[Date "2013.04.07"]
[Round "8"]
[White "Prajovschi, Liviu"]
[Black "Arsene, Marinel"]
[Result "1-0"]
[WhiteElo "1721"]
[BlackElo "1403"]
[PlyCount "111"]
[EventDate "2013.04.02"]
[EventType "swiss"]
[EventRounds "9"]
[EventCountry "ROU"]
[SourceTitle "CBM 153 Extra"]
[Source "ChessBase"]
[SourceDate "2013.04.22"]
[SourceVersion "1"]
[SourceVersionDate "2013.04.22"]
[SourceQuality "1"]

1. Nf3 c5 2. e4 d6 3. Bb5+ Bd7 4. Bxd7+ Qxd7 5. d4 cxd4 6. Nxd4 Nf6 7. f3 g6 8. 0-0 Bg7 9. Be3 0-0 10. c4 a6 11. Nc3 Nc6 12. Rc1 Rac8 13. b3 Rfd8 14. Qd2 Qc7 15. Nd5 Nxd5 16. cxd5 Qa5 17. Nxc6 Qxd2 18. Nxe7+ Kf8 19. Nxg6+ hxg6 20. Bxd2 Bd4+ 21. Kh1 Kg7 22. Rxc8 Rxc8 23. Rc1 Rxc1+ 24. Bxc1 Kf6 25. g3 Ke7 26. Kg2 f6 27. f4 Kd7 28. Kf3 Ke7 29. g4 Kd7 30. h4 Ke7 31. h5 gxh5 32. gxh5 f5 33. exf5 Bg7 34. Kg4 Bh6 35. Bb2 Kf7 36. f6 b6 37. Kf5 a5 38. Bc3 Bf8 39. Kg5 b5 40. Bxa5 Bh6+ 41. Kxh6 Kxf6 42. Bc3+ Kf5 43. Kg7 Kxf4 44. h6 Ke4 45. h7 Kxd5 46. h8Q Ke4 47. Qh4+ Kd5 48. Qd4+ Kc6 49. Bb4 Kc7 50. Qxd6+ Kb7 51. Ba5 b4 52. Qc7+ Ka8 53. a3 bxa3 54. Bb6 a2 55. Kf8 a1Q 56. Qc8# 1-0

[Event "ROM-ch U14"]
[Site "Calimanesti"]
[Date "2013.04.03"]
[Round "2"]
[White "Prajovschi, Liviu"]
[Black "Andreescu, Darie Ioan"]
[Result "1-0"]
[WhiteElo "1721"]
[BlackElo "1905"]
[PlyCount "87"]
[EventDate "2013.04.02"]
[EventType "swiss"]
[EventRounds "9"]
[EventCountry "ROU"]
[SourceTitle "CBM 153 Extra"]
[Source "ChessBase"]
[SourceDate "2013.04.22"]
[SourceVersion "1"]
[SourceVersionDate "2013.04.22"]
[SourceQuality "1"]

1. d4 Nf6 2. Nf3 g6 3. Nc3 d5 4. Bf4 Bg7 5. e3 0-0 6. Bd3 c5 7. 0-0 Nc6 8. Ne5 cxd4 9. Nxc6 bxc6 10. exd4 Bg4 11. f3 Be6 12. Na4 Nd7 13. c3 f6 14. Ba6 Bf7 15. Bb7 e5 16. Bxa8 Qxa8 17. Be3 e4 18. f4 Re8 19. Qe2 Qb7 20. Rab1 h6 21. b4 Rb8 22. Qc2 Nb6 23. Nxb6 axb6 24. a4 Qc7 25. Qb3 f5 26. Qa3 Ra8 27. Ra1 Bf8 28. Qb3 Bg7 29. Qb2 Qd6 30. g3 Kh7 31. Rfb1 Rb8 32. b5 c5 33. a5 cxd4 34. Bxd4 g5 35. Qf2 Bxd4 36. cxd4 Qe6 37. Qe3 gxf4 38. Qxf4 Rb7 39. Rc1 Bg6 40. a6 Ra7 41. Rc7+ Rxc7 42. Qxc7+ Bf7 43. a7 e3 44. Qe5 1-0

[Event "ROM-ch U14"]
[Site "Calimanesti"]
[Date "2013.04.03"]
[Round "3"]
[White "Vasiliu, Cosmin"]
[Black "Prajovschi, Liviu"]
[Result "0-1"]
[WhiteElo "1834"]
[BlackElo "1721"]
[PlyCount "102"]
[EventDate "2013.04.02"]
[EventType "swiss"]
[EventRounds "9"]
[EventCountry "ROU"]
[SourceTitle "CBM 153 Extra"]
[Source "ChessBase"]
[SourceDate "2013.04.22"]
[SourceVersion "1"]
[SourceVersionDate "2013.04.22"]
[SourceQuality "1"]

1. d4 Nf6 2. c4 e6 3. Nc3 Bb4 4. Qc2 d5 5. cxd5 exd5 6. Bg5 h6 7. Bh4 g5 8. Bg3 Ne4 9. e3 c5 10. dxc5 Qa5 11. Be5 0-0 12. Bd3 Nc6 13. Bxe4 Nxe5 14. Bxd5 Qxc5 15. Be4 Qa5 16. a3 Be6 17. Rc1 Bd6 18. Nge2 f5 19. Nd4 fxe4 20. Nxe6 Nd3+ 21. Kd1 Rxf2 22. Ne2 Qd5 23. N6d4 Nxc1 24. Kxc1 Qc5 25. Qxc5 Bxc5 26. Rg1 Rxe2 27. Nxe2 Bxe3+ 28. Kd1 Rd8+ 29. Ke1 Bxg1 30. Nxg1 Kf7 31. Nh3 e3 32. Ke2 Rd2+ 33. Kxe3 Rxg2 34. Nf2 Rxh2 35. b4 Rxf2 36. Kxf2 Ke6 37. a4 Ke5 38. b5 h5 39. Kf3 Kf5 40. Kg3 Ke4 41. Kf2 h4 42. Ke2 g4 43. a5 g3 44. a6 bxa6 45. bxa6 h3 46. Kf1 Kf3 47. Kg1 g2 48. Kh2 Kf2 49. Kxh3 g1Q 50. Kh4 Qg6 51. Kh3 Qh5# 0-1

[Event "ROM-ch U14"]
[Site "Calimanesti"]
[Date "2013.04.02"]
[Round "1"]
[White "Gherghel Butan, Mircea"]
[Black "Prajovschi, Liviu"]
[Result "1/2-1/2"]
[WhiteElo "1311"]
[BlackElo "1721"]
[PlyCount "101"]
[EventDate "2013.04.02"]
[EventType "swiss"]
[EventRounds "9"]
[EventCountry "ROU"]
[SourceTitle "CBM 153 Extra"]
[Source "ChessBase"]
[SourceDate "2013.04.22"]
[SourceVersion "1"]
[SourceVersionDate "2013.04.22"]
[SourceQuality "1"]

1. d4 Nf6 2. Nf3 b6 3. Bf4 Bb7 4. e3 e6 5. Bd3 Be7 6. 0-0 Nh5 7. Bg3 Nxg3 8. hxg3 f5 9. Ne5 0-0 10. f4 d6 11. Nf3 Qe8 12. Qe1 Nd7 13. Nbd2 d5 14. Rc1 Rc8 15. Ne5 Nxe5 16. dxe5 c5 17. c4 Qc6 18. Qf2 a6 19. Qe2 dxc4 20. Nxc4 Rfd8 21. Rfd1 Rd7 22. Rd2 Rcd8 23. Rcd1 Ba8 24. Bc2 b5 25. Rxd7 Rxd7 26. Rxd7 Qxd7 27. Nb6 Qc6 28. Nxa8 Qxa8 29. Qf3 Qc8 30. Qd1 c4 31. Qd2 Qc6 32. Kf2 g6 33. Bd1 h5 34. Bf3 Qc5 35. Qd4 b4 36. Qxc5 Bxc5 37. Ke2 c3 38. bxc3 bxc3 39. Kd3 c2 40. Kxc2 Bxe3 41. Kd3 Bf2 42. Bb7 a5 43. Ke2 Bxg3 44. Kf3 Be1 45. a4 Kf7 46. Bc6 Bd2 47. Bd7 Be1 48. Bc6 g5 49. fxg5 Kg6 50. Bd7 Kxg5 51. Bxe6 1/2-1/2